| 000 | 00394nam a2200145Ia 4500 | ||
|---|---|---|---|
| 008 | 211109s9999||||xx |||||||||||||| ||und|| | ||
| 082 |
_a954.4 _bTOD-A |
||
| 100 | _aTod, James | ||
| 245 | 0 | _aAnnals and Antiquitis of Rajasthan | |
| 260 |
_bIndian Publishing Society _aCalcutta _c1989 |
||
| 300 | _a329p. | ||
| 630 | _xGeneral Stack | ||
| 650 |
_aHistory _vIndiaRajastan _xGeneralia |
||
| 942 | _cBOOK | ||
| 999 |
_c9855 _d9855 |
||